|
|
|
|
| LEADER |
00000nam a2200000Ii 4500 |
| 001 |
DIGCARPAR0018 |
| 003 |
NyNyDIG |
| 006 |
m o d |
| 007 |
cr ||||||||||| |
| 008 |
220803s2021 gt a ob 000 0bspa d |
| 035 |
|
|
|a (OCoLC)1338645087
|
| 040 |
|
|
|a DGITA
|b eng
|e rda
|e pn
|c DGITA
|
| 020 |
|
|
|a 9789929605848
|q edición digital
|q ePub
|
| 020 |
|
|
|a 9789929605831
|q edición digital
|q pdf
|
| 020 |
|
|
|z 9789929605824
|q edición física
|q tapa dura
|
| 020 |
|
|
|z 9789929605817
|q edición física
|q tapa blanda
|
| 043 |
|
|
|a ncgt---
|
| 050 |
1 |
4 |
|a NA778.P67 ebook
|
| 082 |
0 |
4 |
|a 720.924
|
| 100 |
1 |
|
|a Tórtola M., Jorge,
|e author.
|
| 245 |
1 |
0 |
|a Pelayo Llanera Murua :
|b su legado arquitectura moderna de Guatemala /
|c Jorge R. Tórtola M. y Julio R. Tórtola N.
|
| 264 |
|
1 |
|a Ciudad de Guatemala, Guatemala :
|b Universidad Rafael Landívar :
|b Editorial Cara Parens,
|c 2021.
|
| 300 |
|
|
|a 1 online resource.
|
| 336 |
|
|
|a text
|b txt
|2 rdacontent
|
| 337 |
|
|
|a computer
|b c
|2 rdamedia
|
| 338 |
|
|
|a online resource
|b cr
|2 rdacarrier
|
| 347 |
|
|
|a text file
|2 rdaft
|
| 347 |
|
|
|b EPUB
|
| 347 |
|
|
|b PDF
|
| 500 |
|
|
|a "habitat; indis, Instituto de Investigación y Estudios Superiores en Arquitectura y Diseño; VRIP"--Cover.
|
| 504 |
|
|
|a Includes bibliographical references.
|
| 588 |
0 |
|
|a Online resource; title from ePub title page (Digitalia, viewed August 3, 2022)
|
| 600 |
1 |
0 |
|a Llarena Murua, Pelayo,
|d 1924-2020.
|
| 650 |
|
0 |
|a Architects
|z Guatemala
|v Biography.
|
| 655 |
|
0 |
|a Electronic books.
|
| 700 |
1 |
|
|a Tórtola N., Julio R.,
|e author.
|
| 791 |
2 |
|
|a Digitalia (Firm),
|e distributor.
|
| 793 |
0 |
|
|g Digitalia eBook Collection:
|a Editorial Cara Parens
|
| 776 |
0 |
8 |
|i Print version:
|a Tórtola M., Jorge.
|t Pelayo Llanera Murua.
|d Ciudad de Guatemala, Guatemala : Universidad Rafael Landívar : Editorial Cara Parens, 2021
|z 9789929605824
|
| 856 |
4 |
0 |
|3 Digitalia Hispánica
|u https://www.digitaliapublishing.com/a/111760/
|
| 910 |
|
|
|a Premium collection: 2022
|